00601nam a22002057a 450000500170000001000130001702000110003003500130004103700160005404000120007008200160008210000170009824500610011526000570017627000650023330000210029850000450031965000120036465000190037620170124110201.0 aA-953893 c150.00 aA-953893 bCen Lib/Ret aDPLbEN a954.08bSEB aSebastien, A aDupleix as seen by Anandaranga Pillai /cby A. Sebastien aPudhucheribAnandaranga Pillai Research Centrec1997 a6 (43) Tamil Selvi Street, Kamaraj NagarbPudhucherie605011 a247p. c21cm(Hb) aIncludes bibliographical references  aHistory aHistory--India